| 000 | 00453nam a2200157 i 4500 | ||
|---|---|---|---|
| 001 | 95472 | ||
| 003 | ES-MaACL | ||
| 005 | 20230906181719.0 | ||
| 007 | t| | ||
| 008 | 050530s1971 sp ||||1| spa d | ||
| 100 | 1 |
_aLlaugé Dausá, Félix. _972729 |
|
| 245 | 1 | 0 |
_aLo que usted debe saber sobre los demás / _cFélix Llaugé Dausá. |
| 260 |
_aBarcelona : _bBetta, _c1971. |
||
| 300 |
_a217 p. : _bil. ; _c17 cm. |
||
| 852 |
_aES-MaACL _jC-48213 _bR.77125 |
||
| 999 |
_c95472 _d95472 |
||